000 00427nam a2200169Ia 4500
008 230524s9999 xx 000 0 und d
020 _a0074517015
082 _a621.381
_bJAI
100 _aR.P.Jain
245 0 _aDigital Electronics and Microprocessors Problems and Solutions
250 _a22TH
260 _aNEW DELHI
_bTMH
_c2005
300 _a524
500 _aQuantity Number: 2
650 _aElectronics
942 _cBK
999 _c7592
_d7592